Gaming Quiz

Random Gaming or Board Games Quiz

Tabletop Games by Mug Quiz Stats

 Plays Quiz Updated Aug 5, 2016

Also try: Video Games by Mug
Challenge
Share
Tweet
Score 0/20 Timer 04:00
3 Plays Today
% Correct
Monopoly
98.9%
Dominoes
97.3%
Chess
95.6%
Operation
91.4%
Scrabble
91%
Battleship
90.3%
Twister
88.3%
Snakes and Ladders
86.1%
Mouse Trap
85.8%
Cluedo
84.2%
% Correct
Connect Four
82.2%
Risk
79.6%
Backgammon
79.5%
Trivial Pursuit
76.1%
Guess Who?
70.6%
Ludo
63.8%
Mahjong
63.3%
Dungeons & Dragons
53.5%
Go
39%
Parcheesi
27.3%

You're not logged in!

Compare scores with friends on all Sporcle quizzes.
Join for Free
OR
Log In

You Might Also Like...

Show Comments

Extras

Top Quizzes Today


Score Distribution

Your Account Isn't Verified!

In order to create a playlist on Sporcle, you need to verify the email address you used during registration. Go to your Sporcle Settings to finish the process.

Report this User

Report this user for behavior that violates our Community Guidelines.

Details: